| 000 | 00389nam a22001697a 4500 | ||
|---|---|---|---|
| 005 | 20160621093445.0 | ||
| 008 | 160621b xxu||||| |||| 00| 0 eng d | ||
| 020 | _a81-315-0029-2 | ||
| 041 | _aeng | ||
| 082 | _b8646 | ||
| 100 |
_aZikmund, Willam G _92358 |
||
| 245 | _aBusiness Research Methods | ||
| 260 |
_bThomson _c2007 |
||
| 300 | _a720 | ||
| 650 |
_aManagement _9241 |
||
| 942 | _cBK | ||
| 999 |
_c3335 _d3334 |
||